000 00574nam a2200193 i 4500
001 140973
003 ES-MaACL
005 20250830234019.0
007 t|
008 070918s1914 xxu ||||1| eng d
100 1 _aWilkens, J. F.
_9116850
245 1 3 _aAn open letter to the State and War Departments.
260 _a[New York? :
_bs. n.,
_c1914]
300 _a8 p. ;
_c23 cm.
651 4 _aEstados Unidos-
_xRelaciones-
_zMéxico
_98565
651 4 _aMéxico-
_xRelaciones-
_zEstados Unidos.
_99074
852 _aES-MaACL
_j1490-F-16
999 _c140973
_d140973